000 00215nam a22000977a 4500
082 _a894.812
_bRAA/S
100 _aRAAJAN, K A
245 _aSAMARATHEEKSHNAMAYA INNALAKALILOODE
650 _aMALAYALAM STORY
942 _cBK
999 _c7715
_d7715